000
00326nam a2200109Ia 4500
008
171211s9999 xx 000 0 und d
245
_a
Project 9: The Birth of the Air Commandos in World War II
245
_c
Dennis Okerstrom
260
_c
2014
650
_x
Military
856
_u
http://down.ebook777.com/020/9780826220271.pdf
999
_c
348297
_d
348297